00664 2200229 4500001002100000005001500021035002000036007000300056008004100059020001800100082001200118084001800130100001800148245008800166250001000254260004300264300003100307650002300338990002400361990002400385990002500409INLIS00000000000484720241206111947 a0010-0123000176ta241206 0 ind  a979-20-8668-4 a006.696 a006.696 Pra b1 aPRAMONO,handi1 aBuku Latihan Modeling dan Animasi Arsitektur dg 3 D Studio Max/Viz /chandi Pramono acet.1 aJakarta :bElex Media Komutindo,c2006 a183 hlm. :bilus. ;c21 cm 4aAnimasi Arsitektur ac3(8767/STPP/Pb/07) ac2(8766/STPP/Pb/07) ac.1(8765/STPP/ha/07)